[Event "SVR-op 34th"]
[Site "Reil"]
[Date "2011.04.23"]
[Round "7"]
[White "Barden, Andrea"]
[Black "Hein, Pascal"]
[Result "1-0"]
[WhiteElo "1333"]
[BlackElo "981"]
[PlyCount "109"]
[EventDate "2011.04.16"]
[EventType "swiss"]
[EventRounds "7"]
[EventCountry "GER"]
[SourceTitle "EXT 2013"]
[Source "ChessBase"]
[SourceDate "2012.11.22"]
[SourceVersion "1"]
[SourceVersionDate "2012.11.22"]
[SourceQuality "1"]

1. c4 e5 2. Nc3 Nf6 3. d3 Bc5 4. Nf3 Nc6 5. g3 d5 6. cxd5 Nxd5 7. Bg2 Be6 8. 0-0 0-0 9. h3 Bb4 10. Ne4 f6 11. a3 Ba5 12. Nc5 Qc8 13. Qb3 b6 14. Nxe6 Qxe6 15. e4 Rad8 16. exd5 Qf7 17. Qd1 Ne7 18. b4 Nxd5 19. bxa5 bxa5 20. Qa4 Nc3 21. Qc4 Qxc4 22. dxc4 Ne2+ 23. Kh1 Nxc1 24. Rfxc1 c5 25. Rab1 a6 26. Rb6 Ra8 27. Nxe5 Ra7 28. Nd3 Rc8 29. Bd5+ Kf8 30. Rc6 Rxc6 31. Bxc6 Rc7 32. Bd5 Ke7 33. Re1+ Kd8 34. Re6 Ra7 35. Nxc5 Kc7 36. Nxa6+ Kd7 37. c5 Kd8 38. Nb8 Kc8 39. Re8+ Kc7 40. Re7+ Kxb8 41. Rxa7 Kxa7 42. c6 Kb8 43. Kg2 Kc7 44. Kf3 a4 45. Ke4 h6 46. Kf5 Kd6 47. Kg6 Kxd5 48. c7 Kc4 49. c8Q+ Kb3 50. Qb7+ Kxa3 51. Kf5 h5 52. Ke4 g5 53. Kd3 Ka2 54. Kc2 a3 55. Qb1# 1-0

[Event "SVR-op 34th"]
[Site "Reil"]
[Date "2011.04.16"]
[Round "1"]
[White "Hein, Pascal"]
[Black "Farsch, Bernd"]
[Result "0-1"]
[WhiteElo "981"]
[BlackElo "1553"]
[PlyCount "132"]
[EventDate "2011.04.16"]
[EventType "swiss"]
[EventRounds "7"]
[EventCountry "GER"]
[SourceTitle "EXT 2013"]
[Source "ChessBase"]
[SourceDate "2012.11.22"]
[SourceVersion "1"]
[SourceVersionDate "2012.11.22"]
[SourceQuality "1"]

1. e4 e5 2. Nf3 Nc6 3. d4 exd4 4. Nxd4 Bc5 5. Be3 Bb4+ 6. c3 Ba5 7. Bc4 Nf6 8. Nd2 0-0 9. 0-0 Re8 10. Qa4 Bb6 11. Qb3 Ne5 12. Bg5 h6 13. Bh4 d6 14. f4 Nxc4 15. Qxc4 Be6 16. Qd3 c5 17. Nxe6 Rxe6 18. Qd5 g5 19. Bxg5 hxg5 20. Qxg5+ Kf8 21. Rae1 Qe7 22. Qh6+ Ke8 23. Qh4 Kd7 24. Qh3 Kc7 25. e5 Nd7 26. Nc4 d5 27. Nxb6 axb6 28. Qg3 Rxa2 29. f5 Rxe5 30. Rxe5 Qxe5 31. Qxe5+ Nxe5 32. Re1 Kd6 33. Re2 Ng4 34. g3 Ra8 35. Rd2 Re8 36. b3 Re3 37. c4 d4 38. Rb2 d3 39. Kf1 Nxh2+ 40. Rxh2 Rxg3 41. Ke1 Re3+ 42. Kd1 Rf3 43. Rh5 Rf2 44. Rh3 Rf4 45. Rxd3+ Rd4 46. Ke2 Rxd3 47. Kxd3 Ke5 48. Ke3 Kxf5 49. Kf3 Ke5 50. Ke3 Kf6 51. Kf3 Kf5 52. Ke3 Kg4 53. Ke4 f5+ 54. Ke3 Kg3 55. Ke2 f4 56. Kf1 Kf3 57. Kg1 Ke2 58. Kg2 f3+ 59. Kg1 f2+ 60. Kg2 f1Q+ 61. Kg3 Qf3+ 62. Kh4 Qg2 63. Kh5 Kf3 64. Kh6 Qg8 65. Kh5 Qg7 66. Kh4 Qg4# 0-1